000 00281nam a22001217a 4500
008 181030b xxu||||| |||| 00| 0 eng d
041 _aeng
080 _a910
100 _a47
101 _aART
245 _atHE Day Watcerrs Writen And Illustred
_cPeter.P
942 _2udc
_cBK
999 _c51080
_d51080